000 00453nam a22001697a 4500
005 20240722085028.0
008 240722b |||||||| |||| 00| 0 eng d
020 _a9781119418115
082 _a006.686
_bBAU-A
100 _aBauer, Peter
245 _aAdobe photoshop CC For dummies /
_cPeter Bauer
260 _aUSA:
_bWiley;
_c2018.
300 _axix, 422 p. :
_bill;
_c23 cm.
500 _ainclude index.
650 _aGraphic design
999 _c36156
_d36156